Sports Quiz

Random Sports Quiz

Bijnamen deel 2 Quiz Stats

 Plays Quiz not verified by Sporcle

Support Sporcle.
Go Orange.
Score 0/25 Timer 20:00
0 Plays Today
Bijnaam Speler % Correct
Don LeoLeo Beenhakker
60.2%
De rots van KampenJaap Stam
57.7%
Mr. Duracell Dirk Kuyt
53.9%
ZizouZinedine Zidane
51.5%
De pitbull Edgar Davids
49.3%
The Special OneJosé Mourinhi
44.5%
KramerinhoMichiel Kramer
38.5%
Guus GelukGuus Hiddink
37.5%
De GeneraalRinus Michels
36.7%
Febo JansenTheo Janssen
31.2%
Het IJskonijnEdwin van der Sar
28.4%
De KoefDanny Koevermans
27.2%
The Welsh WizardRyan Giggs
26.1%
Bijnaam Speler % Correct
De Vijfde BeatleGeorge Best
17.6%
Het Lek van PECPiet Schrijvers
13.1%
Tovenaar van TogoEmmanuel Adebayor
13.1%
Stier van de BosporusHakan Sukur
9.5%
MaradonnyDonny de Groot
9.1%
MickyMiralem Sulejmani
6%
De Tank van DamascusSanharib Malki
5.4%
El LocoSebastian Abreu
4.9%
La Barba RojaXabi Alonso
3.3%
De Geniale gekBarry van Galen
2.9%
BatmanMateja Kezman
2.2%
Mr. Champions LeagueClarence Seedorf
0%

You're not logged in!

Compare scores with friends on all Sporcle quizzes.
OR
Log In

From the Vault

First Letters of Canadian Cities

by MrWhiplash

What we do know is that most of these cities end in "eh".
Remove Ads.
Support Sporcle.
Get the best of Sporcle when you Go Orange. This ad-free experience offers more features, more stats, and more fun while also helping to support Sporcle. Thank you for becoming a member.

Show Comments

Extras

Created May 22, 2020ReportNominate
Tags:hand, Van

Top Quizzes Today


Score Distribution

Your Account Isn't Verified!

In order to create a playlist on Sporcle, you need to verify the email address you used during registration. Go to your Sporcle Settings to finish the process.

Report this User

Report this user for behavior that violates our Community Guidelines.

Details: